000 00888nas a2200301 4500
001 BR0810037
003 BR-BrBNA
005 20231205112917.0
007 ta
008 230509b bl.|||p| |||| 00| 00por d
040 _aBR-BrBNA
_bpor
_cBiblioteca Nacional de Agricultura
041 _a(Pt)
072 _aU30
100 1 _aGodoy, L.J.G. de
100 1 _aYanagiwara, R.S.
100 1 _aVillas Bôas, R.L.
100 1 _aBackes, C.
100 1 _aLima, C.P. de
245 1 _aAnálise da imagem digital para estimativa da área foliar em plantas de laranja Pêra
650 _aLARANJA PÊRA
650 _aFOLHA
650 _aEQUIPAMENTO
650 _aMÉTODO
650 _aPESQUISA
773 0 _tRevista Brasileira de Fruticultura (Brazil)
_xISSN 0100 2945
_g(Dec 2007), v. 29(3) p. 420-424
_wBR0810037
909 _a202311
_bLúcia
_c55
_dLúcia Elande
942 _2AGRIS
_n0
_cANA
999 _c200734
_d200734